| 000 | 00880nam a2200301Ia 4500 | ||
|---|---|---|---|
| 001 | 23018 | ||
| 003 | IT-RoPAU | ||
| 008 | 130308s9999 xx 000 0 und d | ||
| 040 | _aIT-RoPAU | ||
| 040 | _cIT-RoPAU | ||
| 041 | _aINGLESE | ||
| 100 | _aMcquail Denis | ||
| 100 | _gCodice Aut. SPICS: 3933 | ||
| 245 | _aInfluence and Effects of Mass Media (The) | ||
| 245 | _bMass Communication And Society | ||
| 250 | _a4a ed. | ||
| 260 | _aLONDON | ||
| 260 | _bArnold Edward | ||
| 260 | _c1983 [1° Ed.:1977 - Ed.Ling.Originale:1977] | ||
| 300 | _a"25 p. (prefazione: no ; testo: 25 [pagine: 70-94])" | ||
| 500 | _aInfluenza ed Effetti dei Mass Media Evidenza degli Effetti Potere Sociale dei Mass Media | ||
| 650 | _aSOCIOLOGIA DELLA COMUNICAZIONE SOCIALE | ||
| 650 | _eCodice materia Spics: 3806 | ||
| 942 | _cBK | ||
| 957 | _71 | ||
| 999 |
_c44353 _d44353 |
||
| 999 | _bSI | ||
| 999 | _g1 | ||